Quel est son âge ? - Statistiques

Statistiques générales
  • Ce quiz a été pris 169 fois
  • Le résultat moyen est 5 sur 17
Statistiques - réponses
Hint Réponse % Correct
Kylian Mbappé 25 ans
83%
Millie Bobby Brown 20 ans
60%
Justin Bieber 30 ans
60%
Alain Chabat 65 ans
34%
Nikos Aliagas 55 ans
32%
Brad Pitt 60 ans
30%
Indila 40 ans
25%
Pénélope Cruz 50 ans
25%
Jackie Chan 70 ans
25%
Jimmy Carter 100 ans
24%
Michel Polnareff 80 ans
24%
Brigitte Bardot 90 ans
22%
Kevin Hart 45 ans
20%
Ralph Lauren 85 ans
19%
Chris Brown 35 ans
17%
Meryl Streep 75 ans
16%
Hugues Aufray 95 ans
15%
Aucun quiz correspondant
Distribution des résultats
% des personnes avec chaque résultat
Percentile par nombre de réponses
Votre historique - résultats
Vous n’avez pas pris ce quiz